| 000 | 00720nam a22002177a 4500 | ||
|---|---|---|---|
| 005 | 20170202162728.0 | ||
| 010 | _aENG-107267 | ||
| 020 |
_a9781259027284 _c195.00 |
||
| 020 |
_a1259027287 _c195.00 |
||
| 035 | _aEN-90800 | ||
| 037 | _bDBAD/PUB | ||
| 082 | _a320.954 | ||
| 100 | _aLaxmikanth, M. | ||
| 245 |
_a(1000) One thousand plus questions on Indian Polity: _bgeneral studies for Civil Services Preliminary Examination (Paper - 1) |
||
| 260 |
_aNew Delhi _bTata McGraw Hill _cc2013 |
||
| 270 |
_aP-24, Green Park Extension _bNew Delhi _e110016 |
||
| 300 |
_axi,272p. _c24cm(pbk) |
||
| 490 | _aMcGraw Hill education winning edge series | ||
| 520 | _a13-14EN | ||
| 942 |
_2ddc _cEN _mLAX _h320.954 |
||
| 999 |
_c75985 _d75985 |
||